000 00387nam a2200145Ia 4500
008 231129s1980||||xx |||||||||||||| ||spa||
020 _a84-226-1159-7
040 _bspa
082 _aR 540.9 M394
100 _aMasini Giancarlo
245 0 _aLos arquitectos de la molecula
260 _c1980
264 _aCirculo de Lectores
942 _2ddc
_cBKS
999 _c19490
_d19490